| 000 | 01125nam a2200241Ia 4500 | ||
|---|---|---|---|
| 999 |
_c55679 _d55679 |
||
| 001 | 22774 | ||
| 003 | GE_BSU | ||
| 005 | 20230505174311.0 | ||
| 008 | 181216s ||||ge |||||||||||||| ||geo|| | ||
| 020 | _a9789941277801 | ||
| 040 | _cGE_BSU | ||
| 041 | _ageo | ||
| 080 | _a821.353.1-1 მ-36 | ||
| 245 |
_aმასალები ქართული პოეზიის სხვა ანთოლოგიისთვის : _bმე-20 საუკუნის მეორე ნახევარითვის / _cშეადგინა დათო ბარბაქაძემ. |
||
| 264 |
_aთბილისი : _bმერწყული, _c2018. |
||
| 300 |
_a186 გვ. ; _c20 სმ. |
||
| 500 | _aპარალ. სათ. გერმანულ ენაზე | ||
| 504 | _aბიბლიოგრ. გვ. 268 | ||
| 541 | _h5 ლ. | ||
| 653 | _aმასალები ქართული პოეზიის სხვა ანთოლოგიისთვის | ||
| 653 | _aმე-20 საუკუნის მეორე ნახევარი | ||
| 942 |
_cBK _2udc |
||